<?xml version="1.0" encoding="UTF-8"?><?xml-stylesheet type="text/xsl" href="static/style.xsl"?><OAI-PMH xmlns="http://www.openarchives.org/OAI/2.0/" xmlns:xsi="http://www.w3.org/2001/XMLSchema-instance" xsi:schemaLocation="http://www.openarchives.org/OAI/2.0/ http://www.openarchives.org/OAI/2.0/OAI-PMH.xsd"><responseDate>2026-04-19T09:43:19Z</responseDate><request verb="GetRecord" identifier="oai:www.recercat.cat:10459.1/30381" metadataPrefix="marc">https://recercat.cat/oai/request</request><GetRecord><record><header><identifier>oai:recercat.cat:10459.1/30381</identifier><datestamp>2024-12-05T21:44:59Z</datestamp><setSpec>com_2072_3622</setSpec><setSpec>col_2072_479130</setSpec></header><metadata><record xmlns="http://www.loc.gov/MARC21/slim" xmlns:dcterms="http://purl.org/dc/terms/" xmlns:xsi="http://www.w3.org/2001/XMLSchema-instance" xmlns:doc="http://www.lyncode.com/xoai" xsi:schemaLocation="http://www.loc.gov/MARC21/slim http://www.loc.gov/standards/marcxml/schema/MARC21slim.xsd">
   <leader>00925njm 22002777a 4500</leader>
   <datafield ind2=" " ind1=" " tag="042">
      <subfield code="a">dc</subfield>
   </datafield>
   <datafield ind2=" " ind1=" " tag="720">
      <subfield code="a">Munguía Izquierdo, Diego</subfield>
      <subfield code="e">author</subfield>
   </datafield>
   <datafield ind2=" " ind1=" " tag="720">
      <subfield code="a">Legaz Arrese, Alejandro</subfield>
      <subfield code="e">author</subfield>
   </datafield>
   <datafield ind2=" " ind1=" " tag="720">
      <subfield code="a">Moliner Urdiales, Diego</subfield>
      <subfield code="e">author</subfield>
   </datafield>
   <datafield ind2=" " ind1=" " tag="720">
      <subfield code="a">Reverter Masià, Joaquín</subfield>
      <subfield code="e">author</subfield>
   </datafield>
   <datafield ind2=" " ind1=" " tag="260">
      <subfield code="c">2011-03-03T11:50:27Z</subfield>
   </datafield>
   <datafield ind2=" " ind1=" " tag="260">
      <subfield code="c">2011-03-03T11:50:27Z</subfield>
   </datafield>
   <datafield ind2=" " ind1=" " tag="260">
      <subfield code="c">2008</subfield>
   </datafield>
   <datafield ind2=" " ind1=" " tag="520">
      <subfield code="a">Estudios previos han mostrado la presencia de alteraciones cognitivas en los pacientes con síndrome de fibromialgia (SFM), sin embargo, no han determinado la posible influencia de las distintas variables clínicas en estas alteraciones. El primer objetivo de nuestro estudio es determinar las diferencias en la función cognitiva entre 81 pacientes con SFM y 35 controles sanos mediante una batería de tests neuropsicológicos. El segundo objetivo es determinar la influencia de la ansiedad y el dolor en la función cognitiva en pacientes con SFM. Los resultados de nuestro estudio muestran que las pacientes con SFM desarrollan un rendimiento cognitivo significativamente inferior a los controles sanos en todos los parámetros valorados. El rendimiento neuropsicológico en pacientes con SFM está asociado al dolor, siendo esta relación independiente del nivel de ansiedad. La relación entre el rendimiento cognitivo y la ansiedad también es significativa. Por esta razón, concluimos que el rendimiento cognitivo está principalmente afectado por el dolor, pero además, el nivel de ansiedad explica parte de la variabilidad en los tests neuropsicológicos que no es explicada por el dolor.</subfield>
   </datafield>
   <datafield ind2=" " ind1=" " tag="520">
      <subfield code="a">Relation to pain and anxiety. Previous studies have revealed the presence of cognitive impairment in patients with fibromyalgia syndrome (FMS). However, they have not determined the possible influence of the diverse clinical variables in these disturbances. The first aim of the current study is to compare the cognitive function of 81 patients with FMS and 35 healthy controls by means of a neuropsychological battery. The second aim is to determine the influence of anxiety and pain in the cognitive impairment of patients with FMS. The results of our study show that patients with FMS display a significantly lower cognitive performance and a significantly higher anxiety level than the healthy controls in all the parameters assessed. The neuropsychological performance in patients with FMS is associated with pain, and this relation was independent of the anxiety level. The relationship between cognitive performance and anxiety level was also significant. Therefore, we conclude that cognitive performance is primarily affected by pain. The level of anxiety explains part of the variability in neuropsychological tests that is not explained by pain.</subfield>
   </datafield>
   <datafield ind1="8" ind2=" " tag="024">
      <subfield code="a">http://hdl.handle.net/10459.1/30381</subfield>
   </datafield>
   <datafield tag="653" ind2=" " ind1=" ">
      <subfield code="a">Fibromiàlgia</subfield>
   </datafield>
   <datafield tag="653" ind2=" " ind1=" ">
      <subfield code="a">Neuropsicologia</subfield>
   </datafield>
   <datafield tag="653" ind2=" " ind1=" ">
      <subfield code="a">Trastorns de la cognició</subfield>
   </datafield>
   <datafield tag="653" ind2=" " ind1=" ">
      <subfield code="a">Dolor</subfield>
   </datafield>
   <datafield ind2="0" ind1="0" tag="245">
      <subfield code="a">Neuropsicología de los pacientes con síndrome de fibromialgia: relación con dolor y ansiedad</subfield>
   </datafield>
</record></metadata></record></GetRecord></OAI-PMH>